00592nam a2200157 a 450000100100000000500170001000800410002704000260006824500380009426000470013230000640017950000600024304900090030395201050031299900170041700003195120200930063315.0110707s19uu dr abc 000 0 spa d aDO-SdBNPbspacBMNPHU00aAcueducto Valdesia Santo Domingo. aSanto Domingo :bConsorcio Nizao,c[199u]? a1 v. Con varias paginaciones :bil., map., retrs. ;c30 cm. aTexto a dos columnas en los idiomas español, inglés aBNPD 0010718PDaPDbPDcCTd2011-07-07iLF1l0o p31951-10r2020-06-25w2020-06-25yLFPDZNo se presta c31442d31442